000 00588nam a2200217Ia 4500
003 OSt
005 20220926040632.0
006 a|||||r|||| 00| 0
007 ta
008 220923b |||||||| |||| 00| 0 eng d
037 _cGeneral Book
040 _aRTL
_cRTL
_beng
041 _2eng
_aeng
082 _aB28aN60<-N45, K0/BB
100 _aBukland William R
_9343904
245 0 _aBibliography of basic texts and monographs
260 _c1960
300 _a294p
_ccm.
942 _hB28aN60<-N45, K0/BB
_cGB
_2CC
999 _c665289
_d665289